000
00256nam a22001097a 4500
008
170125b xxu||||| |||| 00| 0 eng d
020
_a
9780766862869
041
_a
eng
080
_2
7TH
_a
618.2
245
_a
DOSAGE CALCULATIONS
_c
PICKER, G.D
942
_2
udc
_c
BK
999
_c
3608
_d
3608